000 00620nam a22001337a 4500
020 _a1863201793
040 _cDLC
082 _a 633 CHA 1996 C283 Or.
100 _aB. R. Champ, E. Highley, G. I. Johnson, Group for Assistance on Systems Relating to Grain after Harvest
245 _a Grain drying in Asia :
_bproceedings of an international conference held at the FAO Regional Office for Asia and the Pacific, Bangkok, Thailand, 17-20 October 1995
260 _bAustralian Centre for International Agricultural Research Canberra,
_c1966
300 _a410 pages :
_billustrations (some color) ;
_c24 cm
942 _cAEDBB
999 _c22451
_d22451